| 000 | 00819cas a22002055a 4500 | ||
|---|---|---|---|
| 001 | L138797 | ||
| 008 | 070711d19891998sa tr p 0 a0eng u | ||
| 035 | _a(Sirsi) u138797 | ||
| 041 | 1 |
_aeng _bafr |
|
| 110 | 2 |
_aSouth African Council for Professional Land Surveyors and Technical Surveyors _95265 |
|
| 245 | 0 | 0 | _aSouth African Journal of Surveying and Mapping |
| 260 |
_aDurban _bSouth African Council for Professional Land Surveyors and Technical Surveyors _c1989-1998 |
||
| 362 | 0 | _a20 Part 2 (119) April 1989-24 Part 5/6 (147/148) August/December 1998 | |
| 554 | _aThree per year | ||
| 651 | 4 | _aSouth Africa | |
| 690 | _aENVIRONMENTAL AND LAND CONSULTANCY-GEOMATICS-LAND SURVEYING | ||
| 780 | 0 | 0 | _tSouth African Survey Journal |
| 785 | 0 | 0 | _tSouth African Journal of Surveying and Geo-Information |
| 942 | _n0 | ||
| 999 |
_c119040 _d119040 |
||